Sciences par lettre - K - Statistiques

Statistiques générales
  • Ce quiz a été pris 132 fois
  • Le résultat moyen est 8 sur 10
Statistiques - réponses
Indices Réponses % Correct
Produit liquide, dérivé du pétrole, utilisé comme carburant pour les réacteurs d'avion Kérosène
99%
Professionnel de santé, notamment spécialisé dans la rééducation des troubles du mouvement Kinésithérapeute
98%
Protéine fibreuse, constituant principal des phanères (= cheveux, ongles, poils…) Kératine
92%
Préfixe du Système international (de symbole " k ") qui, placé devant le nom d'une unité, la multiplie par 1 000 Kilo
89%
Cavité anormale - formée dans un tissu ou un organe du corps humain - pouvant contenir du liquide, de l'air ou du pus Kyste
85%
Unité (de symbole " K ") de température du Système international Kelvin
82%
Élément chimique (de symbole " Kr ") appartenant à la famille des gaz rares (avec l'hélium, le néon et l'argon) Krypton
76%
Scientifique allemand, prénommé Johannes, ayant formulé les trois lois qui régissent le mouvement des planètes Kepler
71%
Dixième lettre de l'alphabet grec (Κ, κ), utilisée comme symbole de diverses grandeurs en physique et mathématiques Kappa
60%
Nom couramment donné au Mycobacterium tuberculosis, la bactérie responsable de la tuberculose Bacille de {Koch}
49%
Aucun quiz correspondant
Distribution des résultats
% des personnes avec chaque résultat
Percentile par nombre de réponses
Votre historique - résultats
Vous n’avez pas pris ce quiz